000 00218nam a22000977a 4500
999 _c16263
_d16263
003 OSt
008 200626b ||||| |||| 00| 0 eng d
100 _asoni
_94652
245 _aTextbook of Inorganic Chemistry
942 _cBK